[Event "Barcza Memorial"]
[Site "Debrecen"]
[Date "1987.??.??"]
[Round "10"]
[White "Karolyi, Tibor jr"]
[Black "Pribyl, Josef"]
[Result "1/2-1/2"]
[WhiteElo "2420"]
[BlackElo "2455"]
[PlyCount "80"]
[EventDate "1987.06.21"]
[Source "www.chesslib.no"]
[SourceDate "2004.05.04"]

1. d4 Nf6 2. c4 g6 3. Nc3 d5 4. Nf3 Bg7 5. Qb3 dxc4 6. Qxc4 O-O 7. e4 c6 8. Be2 b5 9. Qb3 Qa5 10. e5 Be6 11. Qc2 Nd5 12. Bd2 Qb6 13. O-O Nd7 14. a4 Rfd8 15. Rfc1 a6 16. h3 Nxc3 17. Qxc3 Bd5 18. b4 f6 19. Bf4 Rf8 20. exf6 exf6 21. Bd1 Qb7 22. a5 Rfe8 23. Bb3 Rac8 24. Ra2 Nf8 25. Rac2 Qf7 26. Nd2 Rcd8 27. Bxd5 cxd5 28. Nb3 Ne6 29. Bd2 f5 30. Qd3 Qa7 31. Bc3 Ng5 32. Bd2 Ne6 33. Bc3 Ng5 34. Bd2 Ne4 35. Rc6 Qa8 36. Rb6 Rd6 37. Nc5 Rxb6 38. axb6 Qb8 39. Nxa6 Qxb6 40. Nc7 Rd8 1/2-1/2

[Event "World University-ch 6th"]
[Site "Golden Sands"]
[Date "2000.09.09"]
[Round "9"]
[White "Janssen, Ruud"]
[Black "Zubarev, Alexander"]
[Result "1/2-1/2"]
[WhiteElo "2414"]
[BlackElo "2456"]
[PlyCount "96"]
[EventDate "2000.09.01"]
[Source "ChessBase"]
[SourceDate "2000.09.14"]

1. Nf3 g6 2. c4 Bg7 3. d4 Nf6 4. Nc3 d5 5. Qb3 dxc4 6. Qxc4 O-O 7. e4 c6 8. Be2 a5 9. O-O a4 10. a3 Be6 11. Qd3 Qa5 12. Ng5 Bc8 13. Bd2 h6 14. Nf3 Qd8 15. Qc2 Kh7 16. Bc4 Bg4 17. e5 Nd5 18. Qe4 Bxf3 19. Qxf3 e6 20. Rad1 Qh4 21. Ne4 Nd7 22. g3 Qe7 23. Rfe1 b5 24. Bxd5 cxd5 25. Nf6+ Bxf6 26. Bb4 Qd8 27. Bxf8 Qxf8 28. exf6 Nb6 29. g4 Nc4 30. Re2 Qd6 31. h4 Rb8 32. h5 g5 33. Rde1 Re8 34. Kg2 Kg8 35. Qg3 Qb6 36. Rd1 Qd8 37. f4 Qxf6 38. f5 Rf8 39. Rf1 exf5 40. Rxf5 Qxd4 41. Qf3 Nd2 42. Qxd5 Qxg4+ 43. Kf2 Qh4+ 44. Kg2 Qg4+ 45. Kf2 Nc4 46. Qf3 Qd4+ 47. Kg2 Nd2 48. Qd5 Qg4+ 1/2-1/2

[Event "Kavala Open"]
[Site "Kavala GRE"]
[Date "1991.??.??"]
[Round "?"]
[White "Tukmakov, Vladimir B"]
[Black "Marinkovic, Slavisa"]
[Result "1/2-1/2"]
[WhiteElo "2520"]
[BlackElo "2335"]
[PlyCount "81"]
[EventDate "1991.??.??"]
[Source "www.chesslib.no"]
[SourceDate "2004.05.04"]

1. d4 Nf6 2. c4 g6 3. Nc3 d5 4. Nf3 Bg7 5. Qb3 dxc4 6. Qxc4 O-O 7. e4 c6 8. Qb3 e5 9. dxe5 Ng4 10. h3 Nxe5 11. Nxe5 Bxe5 12. Be3 Qe7 13. Be2 Nd7 14. O-O Nc5 15. Qb4 Bd6 16. Rad1 b6 17. Qd4 Be5 18. Qd2 Bb7 19. Bd4 Bxd4 20. Qxd4 Rfe8 21. f3 Rad8 22. Qe3 Rxd1 23. Rxd1 Rd8 24. Rxd8+ Qxd8 25. e5 Qh4 26. Qd2 Kg7 27. f4 Ne6 28. Bg4 Qd8 29. Qxd8 Nxd8 30. Kf2 f6 31. exf6+ Kxf6 32. Bf3 Bc8 33. g4 h6 34. h4 Bd7 35. b4 Ne6 36. Ke3 Nd8 37. g5+ hxg5 38. fxg5+ Ke5 39. Ne2 Be8 40. Nf4 Ne6 41. Nxe6 1/2-1/2

[Event "Tungsram"]
[Site "Budapest"]
[Date "1977.??.??"]
[Round "?"]
[White "Blackstock, Lesly SF"]
[Black "Castro Rojas, Oscar Humberto"]
[Result "1/2-1/2"]
[WhiteElo "2410"]
[BlackElo "2410"]
[PlyCount "105"]
[EventDate "1977.08.??"]
[Source "ChessBase"]

1. d4 Nf6 2. c4 g6 3. Nc3 d5 4. Nf3 Bg7 5. Qb3 dxc4 6. Qxc4 O-O 7. e4 c6 8. Qb3 Bg4 9. Qxb7 Nfd7 10. Qxa8 Qc7 11. Nd5 cxd5 12. Qxd5 Nc6 13. Qc4 Bxf3 14. gxf3 Bxd4 15. Be2 Rb8 16. O-O Rb4 17. Qc2 Be5 18. Kg2 Bxh2 19. Bd2 Rb6 20. Be3 Bf4 21. Bxb6 axb6 22. Rh1 Nc5 23. Rad1 Be5 24. a3 Qb7 25. Bc4 e6 26. b4 Nd7 27. Bb5 Ndb8 28. Bxc6 Nxc6 29. Rc1 Na7 30. Qc4 Qe7 31. Rc2 Qg5+ 32. Kf1 Qd8 33. Ke2 Kg7 34. Rd1 Qe8 35. a4 Qxa4 36. Ra2 Qb5 37. Qd3 Qxd3+ 38. Rxd3 Nc6 39. Ra6 Nxb4 40. Rxb6 Nxd3 41. Kxd3 h5 42. Rb1 Bd6 43. Ke3 g5 44. Ke2 h4 45. Rh1 Kf6 46. Kf1 Ke5 47. Kg2 Kf4 48. Rd1 Be5 49. Rd3 f6 50. Ra3 Bd4 51. Ra4 Bc5 52. Rc4 Bd6 53. Rc3 1/2-1/2

[Event "Oberliga Nord O9697"]
[Site "Germany"]
[Date "1997.??.??"]
[Round "?"]
[White "Maksimenko, Andrei"]
[Black "Krueger, Rainer"]
[Result "1-0"]
[WhiteElo "2545"]
[BlackElo "2265"]
[PlyCount "58"]
[EventDate "1996.10.??"]
[Source "www.chesslib.no"]
[SourceDate "2004.05.04"]

1. d4 Nf6 2. c4 g6 3. Nc3 d5 4. Nf3 Bg7 5. Qb3 dxc4 6. Qxc4 O-O 7. e4 c6 8. Qb3 e5 9. dxe5 Ng4 10. Bf4 Nd7 11. Rd1 Qa5 12. Be2 Ngxe5 13. Nd4 Nc5 14. Qc2 Qc7 15. Bg3 Qe7 16. O-O Rd8 17. Kh1 a5 18. h3 Ne6 19. Nxe6 Bxe6 20. f4 Nc4 21. Bf2 Qb4 22. f5 Rxd1 23. Nxd1 gxf5 24. Be1 Qe7 25. exf5 Bd5 26. f6 Bxf6 27. Bxc4 Bxc4 28. Qxc4 Qd6 29. Bc3 b5 1-0

[Event "Cannes Martinez Open"]
[Site "Cannes FRA"]
[Date "1992.??.??"]
[Round "?"]
[White "Legky, Nikolay A"]
[Black "Gluckman, David"]
[Result "1/2-1/2"]
[WhiteElo "2480"]
[BlackElo "2330"]
[PlyCount "120"]
[EventDate "1992.07.??"]
[Source "www.chesslib.no"]
[SourceDate "2004.05.04"]

1. d4 Nf6 2. c4 g6 3. Nc3 d5 4. Nf3 Bg7 5. Qb3 dxc4 6. Qxc4 O-O 7. e4 c6 8. e5 Nd5 9. Nxd5 cxd5 10. Qc3 Qb6 11. Be3 Nc6 12. Be2 Bg4 13. O-O Rac8 14. Qb3 Qxb3 15. axb3 Rc7 16. Rfc1 Rfc8 17. Rc3 e6 18. h3 Bxf3 19. Bxf3 Bf8 20. Bd1 Be7 21. g4 Bb4 22. Rc2 a6 23. Kf1 Be7 24. Rac1 Bd8 25. f4 Nb4 26. Rxc7 Rxc7 27. Rc3 Na2 28. Rxc7 Bxc7 29. Bd2 a5 30. Ke2 Nb4 31. Be3 Bd8 32. Kd2 Bh4 33. Be2 Kf8 34. Bb5 Ke7 35. Ke2 Kd8 36. Bd2 Ke7 37. Bc3 Kd8 38. Ke3 Ke7 39. Kf3 Kd8 40. f5 Ke7 41. f6+ Kf8 42. Ke2 Kg8 43. Bd2 Kf8 44. Bc3 Kg8 45. Bd3 Kf8 46. Bb1 Kg8 47. Bd2 Kf8 48. Bh6+ Kg8 49. Bd3 Nxd3 50. Kxd3 Be1 51. Kc2 Bb4 52. h4 b5 53. h5 Bf8 54. Be3 Bb4 55. Kd3 Kf8 56. Ke2 Kg8 57. Kf3 Kf8 58. Kg3 Kg8 59. Bh6 Be1+ 60. Kf3 Bb4 1/2-1/2

[Event "Neckar op 5th"]
[Site "Deizisau"]
[Date "2001.04.14"]
[Round "5"]
[White "Farago, Ivan"]
[Black "Gheng, Josef"]
[Result "1/2-1/2"]
[WhiteElo "2485"]
[BlackElo "2307"]
[PlyCount "88"]
[EventDate "2001.04.12"]
[Source "ChessBase"]
[SourceDate "2001.05.06"]

1. d4 Nf6 2. c4 g6 3. Nc3 d5 4. Nf3 Bg7 5. Qb3 dxc4 6. Qxc4 O-O 7. e4 c6 8. Qb3 Nbd7 9. Be2 Nb6 10. O-O Be6 11. Qc2 Rc8 12. Rd1 h6 13. Ne5 Nfd7 14. Nd3 Bc4 15. Be3 Qc7 16. Rac1 Qb8 17. b3 Bxd3 18. Qxd3 c5 19. dxc5 Nxc5 20. Bxc5 Rxc5 21. Nd5 Qd6 22. Rxc5 Qxc5 23. Qb5 Rc8 24. Qxc5 Rxc5 25. Nxe7+ Kf8 26. Nd5 Rc2 27. Bd3 Rxa2 28. Nxb6 axb6 29. Bc4 Ra1 30. Rxa1 Bxa1 31. f4 Bd4+ 32. Kf1 Be3 33. g3 Ke7 34. Ke2 Bg1 35. Bd5 b5 36. Bxb7 b4 37. Bd5 Bd4 38. Kf3 Bc3 39. e5 f6 40. Ke4 fxe5 41. fxe5 Bb2 42. Bc4 Bc3 43. Kd5 h5 44. Ke4 g5 1/2-1/2

[Event "Centrocoop June op-A"]
[Site "?"]
[Date "1999.??.??"]
[Round "?"]
[White "Itkis Boris"]
[Black "Gheng Josef"]
[Result "0-1"]
[WhiteElo "2462"]
[BlackElo "2326"]
[PlyCount "96"]
[EventDate "1999.??.??"]
[Source "www.chesslib.no"]
[SourceDate "2004.05.04"]

1. d4 Nf6 2. c4 g6 3. Nc3 d5 4. Nf3 Bg7 5. Qb3 dxc4 6. Qxc4 O-O 7. e4 c6 8. Qb3 Qb6 9. Bc4 Na6 10. Bf4 Qxb3 11. Bxb3 Nb4 12. O-O Nd3 13. Be3 b5 14. Rab1 Ng4 15. Bg5 e5 16. d5 h6 17. Bh4 b4 18. Na4 Ba6 19. dxc6 Rac8 20. Rbc1 Bb5 21. c7 Nxc1 22. Rxc1 Nf6 23. Nxe5 g5 24. Bg3 Nxe4 25. Nc6 Bxc6 26. Rxc6 Nxg3 27. hxg3 Be5 28. Rc4 Rxc7 29. Rxb4 Rd8 30. Nc3 Bxc3 31. bxc3 Rd2 32. g4 Rxc3 33. Rb7 Rc1+ 34. Kh2 Rxf2 35. Rxa7 Kg7 36. Rd7 Rb1 37. Rc7 Rbb2 38. Kh3 Kg6 39. Bd5 Rbd2 40. Kg3 Rf4 41. Bb3 Rd6 42. Bc2+ Kg7 43. Bb3 Rd3+ 44. Kh2 Rdd4 45. Rb7 Rxg4 46. Rxf7+ Kg6 47. Rc7 Rd2 48. Rc6+ Kg7 0-1

[Event "Belgorod"]
[Site "Belgorod"]
[Date "1991.??.??"]
[Round "?"]
[White "Wegner, Hannu"]
[Black "Lhagvasuren, Cedendemberel"]
[Result "0-1"]
[WhiteElo "2435"]
[BlackElo "2350"]
[PlyCount "72"]
[EventDate "1991.??.??"]
[Source "ChessBase"]

1. d4 Nf6 2. c4 g6 3. Nc3 d5 4. Nf3 Bg7 5. Qb3 dxc4 6. Qxc4 O-O 7. e4 c6 8. Bf4 b5 9. Qb3 a5 10. Qc2 Bg4 11. Rd1 Qb6 12. Be2 Nbd7 13. h3 Bxf3 14. Bxf3 Ne8 15. Be3 Qb7 16. O-O e5 17. dxe5 Bxe5 18. Be2 Bg7 19. f4 Rd8 20. Bf3 Nc7 21. Qf2 Nf6 22. Qh4 b4 23. Na4 Qb5 24. b3 Rxd1 25. Rxd1 Re8 26. Bb6 Ne6 27. Rd2 c5 28. e5 Nd7 29. Be2 Qc6 30. Rd6 Qe4 31. Bb5 Nxf4 32. Qf2 Nxb6 33. Bxe8 Bxe5 34. Rd8 Kg7 35. Nxb6 Ne2+ 36. Kf1 Ng3+ 0-1

[Event "Brno Morava-D"]
[Site "Brno"]
[Date "1991.??.??"]
[Round "11"]
[White "Tabatadze, Tamaz"]
[Black "Konopka, Michal"]
[Result "1/2-1/2"]
[WhiteElo "2370"]
[BlackElo "2380"]
[PlyCount "136"]
[EventDate "1991.09.??"]
[Source "ChessBase"]

1. d4 Nf6 2. c4 g6 3. Nc3 d5 4. Nf3 Bg7 5. Qb3 dxc4 6. Qxc4 O-O 7. e4 c6 8. Be2 b5 9. Qd3 Qa5 10. O-O b4 11. Nd1 Ba6 12. Qe3 c5 13. Bxa6 cxd4 14. Nxd4 Qxa6 15. e5 Ng4 16. Qe4 Nxe5 17. Qxa8 Nbc6 18. Qxf8+ Kxf8 19. Nxc6 Nxc6 20. Be3 Nd4 21. Bxd4 Bxd4 22. Re1 e5 23. a4 Qd3 24. a5 f5 25. Rc1 Qd2 26. Rc8+ Kg7 27. Kf1 Qd3+ 28. Kg1 Qd2 29. Kf1 f4 30. Rc7+ Kh6 31. g3 f3 32. Rf7 Qd3+ 33. Kg1 Qe2 34. Rf1 g5 35. h3 Kg6 36. Rb7 Qe4 37. Rb8 h5 38. Rg8+ Kf6 39. Rh8 Kg6 40. Rg8+ Kf6 41. Rh8 h4 42. gxh4 g4 43. Rg8 gxh3 44. Rg3 Qf4 45. Kh2 e4 46. Kxh3 Qd2 47. h5 Ke6 48. Rg6+ Kd5 49. h6 Qf4 50. Ne3+ Bxe3 51. fxe3 Qf5+ 52. Rg4 Kc4 53. Kg3 Kd3 54. Rh1 Qe5+ 55. Kh4 f2 56. h7 Ke2 57. Rg8 Qf6+ 58. Kg3 Qf3+ 59. Kh2 Qh5+ 60. Kg2 Qf3+ 61. Kh2 Qh5+ 62. Kg2 f1=Q+ 63. Rxf1 Qxh7 64. Rg3 Qh5 65. Rf4 Qxa5 66. Rxe4 Qd5 67. Rgg4 a5 68. Kh3 Qa2 1/2-1/2

[Event "Dieren op"]
[Site "Dieren"]
[Date "1997.??.??"]
[Round "1"]
[White "Veerman, Johan"]
[Black "Mikhalevski, Victor"]
[Result "0-1"]
[WhiteElo "2195"]
[BlackElo "2535"]
[PlyCount "90"]
[EventDate "1997.07.??"]
[Source "www.chesslib.no"]
[SourceDate "2004.05.04"]

1. d4 Nf6 2. c4 g6 3. Nc3 d5 4. Nf3 Bg7 5. Qb3 dxc4 6. Qxc4 O-O 7. e4 c6 8. Be2 b5 9. Qb3 a5 10. e5 Ne8 11. O-O Nc7 12. a4 Be6 13. Qd1 b4 14. Ne4 Bd5 15. Nc5 Nd7 16. Nd3 Ne6 17. Be3 Qb6 18. Rc1 Rfd8 19. b3 Ndf8 20. Nb2 f5 21. exf6 exf6 22. Bc4 f5 23. g3 Qb7 24. Bxd5 Rxd5 25. Qc2 Rc8 26. Nc4 Rc7 27. Rfd1 Nd7 28. Qe2 Nf6 29. Bh6 Re7 30. Bxg7 Nxd4 31. Nxd4 Rxe2 32. Nxe2 Kxg7 33. Nf4 Rxd1+ 34. Rxd1 Qa7 35. Ne6+ Kh6 36. Nd4 Ne4 37. f3 Nc3 38. Rd2 Qe7 39. Kf2 g5 40. Nxc6 Qg7 41. N6xa5 Nb1 42. Rd1 Na3 43. Nd6 Qf6 44. Nac4 Qc3 45. Nd2 Qd4+ 0-1

[Event "Open"]
[Site "?"]
[Date "2002.04.17"]
[Round "8"]
[White "Tikhomirov Alexey"]
[Black "Areshchenko Alexander"]
[Result "0-1"]
[WhiteElo "2256"]
[BlackElo "2470"]
[PlyCount "92"]
[EventDate "2002.??.??"]
[Source "www.chesslib.no"]
[SourceDate "2004.05.04"]

1. d4 Nf6 2. c4 g6 3. Nc3 d5 4. Nf3 Bg7 5. Qb3 dxc4 6. Qxc4 O-O 7. e4 c6 8. Qb3 a5 9. e5 Nd5 10. Nxd5 cxd5 11. Be2 a4 12. Qa3 Nc6 13. O-O Qb6 14. Be3 Bg4 15. Rfd1 Rfc8 16. Rac1 Bf8 17. h3 Bf5 18. Bf4 Be4 19. e6 f6 20. Bf1 Nd8 21. Rxc8 Rxc8 22. Qxa4 Bc2 23. Qd7 Qxe6 24. Qxe6+ Nxe6 25. Rc1 Nxf4 26. g3 Bh6 27. gxf4 Bxf4 28. Re1 Be4 29. Nh4 Rc1 30. Ng2 Rxe1 31. Nxe1 Bc1 32. Bd3 Bxb2 33. Bxe4 dxe4 34. d5 Bd4 35. Kf1 Kf7 36. Ke2 f5 37. f3 Bc3 38. Ng2 exf3+ 39. Kxf3 Kf6 40. Ke3 Ke5 41. Kd3 Bd4 42. d6 exd6 43. Ne1 Bf2 44. Nf3+ Kf4 45. Nd2 Kg3 46. Nc4 Bc5 0-1

[Event "Ostend Open"]
[Site "Ostend"]
[Date "1987.??.??"]
[Round "9"]
[White "Ree, Hans"]
[Black "Tonoli, Jose"]
[Result "1-0"]
[WhiteElo "2440"]
[BlackElo "2285"]
[PlyCount "67"]
[EventDate "1987.09.??"]
[Source "www.chesslib.no"]
[SourceDate "2004.05.04"]

1. d4 Nf6 2. c4 g6 3. Nc3 d5 4. Nf3 Bg7 5. Qb3 dxc4 6. Qxc4 O-O 7. e4 c6 8. Qb3 b6 9. Be2 a5 10. O-O b5 11. Qc2 Bb7 12. Rd1 e6 13. Bf4 Na6 14. e5 Nd5 15. Bg5 f6 16. exf6 Bxf6 17. Bh6 Nxc3 18. Qxc3 Rf7 19. Ne5 Bxe5 20. dxe5 Qh4 21. Qe3 Nc7 22. Rd4 Qe7 23. Bg5 Qe8 24. Rd6 Nd5 25. Qd4 Rf5 26. h4 Qf8 27. Bg4 c5 28. Qd2 Re8 29. Bxf5 Qxf5 30. Qxa5 Qg4 31. Rd8 Nf6 32. f3 Bxf3 33. Qd2 Bd5 34. Bxf6 1-0

[Event "6. EICC"]
[Site "?"]
[Date "2005.06.23"]
[Round "6"]
[White "Luch Michal"]
[Black "Esen Baris"]
[Result "0-1"]
[WhiteElo "2417"]
[BlackElo "2287"]
[PlyCount "92"]
[EventDate "2005.??.??"]
[Source "www.chesslib.no"]
[SourceDate "2004.05.04"]

1. d4 Nf6 2. c4 g6 3. Nc3 d5 4. Nf3 Bg7 5. Qb3 dxc4 6. Qxc4 O-O 7. e4 c6 8. Be2 b5 9. Qb3 Qa5 10. e5 Ne4 11. O-O Be6 12. Qc2 Nxc3 13. bxc3 Nd7 14. Bd2 Bc4 15. Bg5 f6 16. exf6 exf6 17. Bxc4+ bxc4 18. Bf4 Rfe8 19. Nd2 Nb6 20. Bc7 Qa6 21. Ne4 Nd5 22. Bg3 Bf8 23. Bd6 Bxd6 24. Nxd6 Re6 25. Ne4 Qa5 26. Nd2 Qxc3 27. Rac1 Qxc2 28. Rxc2 Re2 29. Rfc1 c3 30. Nb3 Re7 31. Rd1 Rb8 32. Kf1 Rb4 33. g3 Reb7 34. Rdc1 R7b5 35. Ke2 Ra4 36. Rd1 Ra3 37. Kf1 Nb4 38. Re2 Rxa2 39. Nc5 Rxe2 40. Kxe2 Na2 41. Nd3 a5 42. Ra1 Rb2+ 43. Ke3 a4 44. Nc1 Nxc1 45. Rxc1 a3 46. Ra1 a2 0-1

[Event "Pontevedra (20eme open)"]
[Site "?"]
[Date "2004.08.14"]
[Round "2.6"]
[White "Dimitrov Vladimir"]
[Black "Astaneh Lopez Alex"]
[Result "1-0"]
[WhiteElo "2458"]
[BlackElo "2220"]
[PlyCount "113"]
[EventDate "2004.??.??"]
[Source "www.chesslib.no"]
[SourceDate "2004.05.04"]

1. d4 Nf6 2. c4 g6 3. Nc3 d5 4. Nf3 Bg7 5. Qb3 dxc4 6. Qxc4 O-O 7. e4 c6 8. Qa4 Nbd7 9. h3 Re8 10. Qb3 Nb6 11. Bf4 h6 12. Rd1 Be6 13. Qc2 Rc8 14. b3 Nh5 15. Bh2 f5 16. Bd3 Rf8 17. O-O f4 18. e5 Bf5 19. Bxf5 gxf5 20. Qd2 Nd5 21. Nxd5 Qxd5 22. Bxf4 Kh7 23. Bh2 Rg8 24. Qe2 Bf8 25. Nh4 Ng7 26. Rd3 e6 27. g3 Ne8 28. Ng2 Nc7 29. Nf4 Qd7 30. g4 Be7 31. Bg3 Rcf8 32. gxf5 Rxf5 33. Qe4 Nd5 34. Rf3 Rgf8 35. Nxd5 exd5 36. Qd3 Qe6 37. Rxf5 Rxf5 38. f4 Kg8 39. Kh2 Kf7 40. Be1 Ke8 41. Qg3 b6 42. Bd2 Kd7 43. Rg1 Rf7 44. Qg6 c5 45. Qh5 Qf5 46. Qxf5+ Rxf5 47. Rg6 cxd4 48. Rxh6 Rf8 49. Rh7 a5 50. Kg3 Ke6 51. Rg7 d3 52. Kg4 Bc5 53. Rg6+ Kd7 54. h4 Rc8 55. h5 Ba3 56. h6 Bc1 57. Rd6+ 1-0

[Event "Memorial L.Rudenko"]
[Site "St. Petersburg"]
[Date "2004.??.??"]
[Round "9.1"]
[White "Ushenina, Anna"]
[Black "Petrenko, Svetlana"]
[Result "1-0"]
[WhiteElo "2347"]
[BlackElo "2327"]
[PlyCount "77"]
[EventDate "2004.08.??"]
[Source "Roberto Alvarez"]
[SourceDate "2004.09.06"]

1. d4 Nf6 2. c4 g6 3. Nc3 d5 4. Nf3 Bg7 5. Qb3 dxc4 6. Qxc4 O-O 7. e4 c6 8. Be2 b5 9. Qb3 a5 10. Qc2 Na6 11. O-O Bb7 12. Rd1 Rc8 13. Bg5 h6 14. Be3 e6 15. h3 Kh7 16. a3 Qe7 17. e5 Nd5 18. Nxd5 exd5 19. Rac1 Ra8 20. h4 Rfc8 21. h5 c5 22. dxc5 Bc6 23. Rd4 Bxe5 24. hxg6+ fxg6 25. Nxe5 Qxe5 26. Rh4 Be8 27. Rxh6+ Kg8 28. Qd2 d4 29. Bxd4 Rd8 30. Rd1 Rxd4 31. Qxd4 Qxd4 32. Rxd4 Nxc5 33. Rdh4 Rd8 34. Bxb5 Rd1+ 35. Kh2 Bxb5 36. Rxg6+ Kf7 37. Rg5 Rd2 38. Rxc5 Rxb2 39. Rh7+ 1-0

[Event "Europe (5eme championnat individuel)"]
[Site "?"]
[Date "2004.05.17"]
[Round "3.28"]
[White "Erdogan Hakan"]
[Black "Neubauer Martin"]
[Result "0-1"]
[WhiteElo "2252"]
[BlackElo "2418"]
[PlyCount "83"]
[EventDate "2004.??.??"]
[Source "www.chesslib.no"]
[SourceDate "2004.05.04"]

1. d4 Nf6 2. c4 g6 3. Nc3 d5 4. Nf3 Bg7 5. Qb3 dxc4 6. Qxc4 O-O 7. e4 c6 8. Be2 b5 9. Qb3 Qa5 10. Bd2 b4 11. Na4 Nxe4 12. Bxb4 Qc7 13. O-O Be6 14. Qe3 Nd6 15. Ng5 Bd5 16. Nc3 Nf5 17. Qh3 h6 18. Nf3 Bxf3 19. Bxf3 Nxd4 20. Rac1 Qb7 21. Ba3 Na6 22. Rfe1 Nb4 23. Bd1 a5 24. Re4 Rfd8 25. Ba4 e5 26. Rh4 Qa6 27. Rxh6 Nd3 28. Rxg6 fxg6 29. Bb3+ Nxb3 30. Qe6+ Kh7 31. Ne4 Qc8 32. Ng5+ Kh6 33. Nf7+ Kh5 34. Qe7 Qf5 35. f3 Qf6 36. Rxc6 Rd6 37. g4+ Kh4 38. Qxd6 Qxd6 39. Bxd6 Ra7 40. Bc7 Nd4 41. Bd8+ g5 42. Nxg5 0-1

[Event "Masters"]
[Site "Lisbon"]
[Date "1997.??.??"]
[Round "1"]
[White "Frois, Antonio"]
[Black "Alexandre, Jorge"]
[Result "1-0"]
[WhiteElo "2350"]
[BlackElo "2295"]
[PlyCount "115"]
[EventDate "1997.??.??"]
[Source "ChessBase"]

1. d4 Nf6 2. Nf3 g6 3. c4 Bg7 4. Nc3 d5 5. Qb3 dxc4 6. Qxc4 O-O 7. e4 c6 8. Qb3 Qb6 9. Bc4 Qxb3 10. Bxb3 Bg4 11. Bg5 h6 12. Be3 Nbd7 13. e5 Ne8 14. h3 Bxf3 15. gxf3 Nc7 16. Rg1 Kh7 17. Ke2 Nb6 18. Rac1 Rac8 19. Rc2 Nbd5 20. Nxd5 Nxd5 21. Bxd5 cxd5 22. Rgc1 Rc6 23. Rxc6 bxc6 24. Rxc6 Rb8 25. b3 Rb7 26. e6 f5 27. Kd3 g5 28. Bd2 Kg6 29. Ra6 h5 30. Ra5 Kf6 31. Rxd5 Kxe6 32. Ra5 Rd7 33. Bc3 Bf6 34. b4 g4 35. fxg4 hxg4 36. hxg4 fxg4 37. Ke4 Kf7 38. a4 Rc7 39. Kd3 Bh4 40. Rh5 Bf6 41. Rc5 Rd7 42. Ke4 Kg6 43. d5 Bh4 44. Bd4 g3 45. fxg3 Bxg3 46. Rc8 Kf7 47. Bc5 Rb7 48. a5 Rb8 49. Rxb8 Bxb8 50. Kf5 a6 51. b5 axb5 52. a6 b4 53. a7 Bxa7 54. Bxa7 b3 55. Bd4 Ke8 56. Ke6 Kd8 57. Bb2 Ke8 58. Ba3 1-0

[Event "Manila ol women"]
[Site "Manila PHI"]
[Date "1992.??.??"]
[Round "?"]
[White "Donaldson-Akhmilovskaya, Elena"]
[Black "Heinatz, Gundula"]
[Result "1-0"]
[WhiteElo "2405"]
[BlackElo "2240"]
[PlyCount "105"]
[EventDate "1992.06.??"]
[Source "www.chesslib.no"]
[SourceDate "2004.05.04"]

1. d4 Nf6 2. c4 g6 3. Nc3 d5 4. Nf3 Bg7 5. Qb3 dxc4 6. Qxc4 O-O 7. e4 c6 8. Be2 b6 9. Qb3 Ba6 10. Bxa6 Nxa6 11. O-O Nc7 12. Rd1 Ne6 13. h3 Qc7 14. Be3 Rad8 15. Rac1 Qb7 16. Rd2 h6 17. d5 cxd5 18. exd5 Nc7 19. Rcd1 e6 20. dxe6 Nxe6 21. Ne5 Rxd2 22. Rxd2 Qe7 23. Nc6 Qc7 24. Qa4 Nc5 25. Bxc5 bxc5 26. Nxa7 Re8 27. Rd1 Re6 28. Nab5 Qe7 29. Qc4 Nh5 30. g3 Be5 31. Qd5 Kg7 32. Qf3 Qe8 33. Rd3 Nf6 34. a4 h5 35. Kg2 h4 36. g4 Bb8 37. Re3 Rxe3 38. Qxe3 Qe6 39. Na3 Qe5 40. Nc4 Qd4 41. b3 Nd7 42. Nb5 Qf4 43. Qxf4 Bxf4 44. Kf3 g5 45. a5 Nb8 46. Ke4 Na6 47. Kd5 Nb4+ 48. Ke4 Kf6 49. Nb2 Bd2 50. Nc7 Nc6 51. a6 Ba5 52. Nb5 Bb6 53. Nc4 1-0

[Event "Lodz"]
[Site "Lodz POL"]
[Date "1989.??.??"]
[Round "9"]
[White "Praszak, Michal"]
[Black "Roesch, Arnd"]
[Result "0-1"]
[WhiteElo "2335"]
[BlackElo "2295"]
[PlyCount "124"]
[EventDate "1989.??.??"]
[Source "www.chesslib.no"]
[SourceDate "2004.05.04"]

1. d4 Nf6 2. c4 g6 3. Nc3 d5 4. Nf3 Bg7 5. Qb3 dxc4 6. Qxc4 O-O 7. e4 c6 8. Qb3 Nfd7 9. Be3 e5 10. d5 Qa5 11. Bd2 Nc5 12. Qc4 Nba6 13. Rb1 b5 14. b4 Qa3 15. Bc1 Qxc1+ 16. Rxc1 bxc4 17. bxc5 cxd5 18. Nxd5 Nxc5 19. Bxc4 Kh8 20. Nd2 Bh6 21. f3 Rb8 22. Rc2 f5 23. Nb3 fxe4 24. O-O Nxb3 25. axb3 exf3 26. Rxf3 Bb7 27. Rxf8+ Rxf8 28. Re2 e4 29. h3 Rd8 30. Ne3 Bg7 31. Kh2 Be5+ 32. g3 h5 33. h4 Bc7 34. Kg2 Rf8 35. Nd5 Bb6 36. Nf4 e3+ 37. Bd5 Rxf4 38. Bxb7 Rf6 39. g4 Rf4 40. gxh5 gxh5 41. Bf3 Rxh4 42. Kg3 Rb4 43. Bd5 Rg4+ 44. Kf3 Rg5 45. Be4 Rb5 46. Bc2 Kg7 47. Rg2+ Kf7 48. Bd3 Re5 49. Bc4+ Kf6 50. Bd3 Rd5 51. Ke2 Ke5 52. Rg1 Kd4 53. Bc4 Rf5 54. Rh1 Ra5 55. Kf3 Kc3 56. Rh2 Rf5+ 57. Ke2 Rf2+ 58. Rxf2 exf2 59. Kf1 h4 60. Be6 h3 61. Bc4 a5 62. Bd5 h2 0-1

[Event "Ljubljana op"]
[Site "Ljubljana"]
[Date "1996.??.??"]
[Round "1"]
[White "Ibragimov, Ildar"]
[Black "Bozic, Marjan"]
[Result "1-0"]
[WhiteElo "2575"]
[BlackElo "2055"]
[PlyCount "41"]
[EventDate "1996.??.??"]
[Source "ChessBase"]

1. d4 Nf6 2. c4 g6 3. Nc3 d5 4. Nf3 Bg7 5. Qb3 dxc4 6. Qxc4 O-O 7. e4 c6 8. Be2 b5 9. Qb3 a5 10. Qc2 a4 11. O-O b4 12. Nxa4 Nxe4 13. Bf4 Qa5 14. Qxe4 Qxa4 15. Bc4 Qa7 16. Rfd1 Bf6 17. Bg5 Bf5 18. Qh4 Bxg5 19. Nxg5 h5 20. Nxf7 e6 21. Nh6+ 1-0

[Event "DEN-chT 9900"]
[Site "DEN"]
[Date "1999.??.??"]
[Round "2"]
[White "Bekker Jensen, Simon"]
[Black "Nielsen, Tommy"]
[Result "1-0"]
[WhiteElo "2436"]
[BlackElo "2191"]
[PlyCount "81"]
[EventDate "1999.??.??"]
[Source "www.chesslib.no"]
[SourceDate "2004.05.04"]

1. d4 Nf6 2. c4 g6 3. Nc3 d5 4. Nf3 Bg7 5. Qb3 dxc4 6. Qxc4 O-O 7. e4 c6 8. Qb3 Nbd7 9. Be2 Nb6 10. O-O Bg4 11. Rd1 Qc7 12. h3 Bxf3 13. Bxf3 Nfd7 14. Be3 Rac8 15. Rac1 Qb8 16. Bg5 Rfe8 17. Bg4 e6 18. g3 Qd6 19. Be3 Qe7 20. a4 Rb8 21. a5 Nc8 22. Bf4 Nd6 23. Qa3 Bf8 24. Bxd6 Qxd6 25. Qxd6 Bxd6 26. d5 cxd5 27. exd5 Nf6 28. dxe6 Bb4 29. Nd5 Nxd5 30. exf7+ Kxf7 31. Rxd5 h5 32. Bf3 Re1+ 33. Rxe1 Bxe1 34. Kf1 Re8 35. Rxh5 Kf6 36. Rb5 Bd2 37. Rxb7 Re7 38. a6 Ba5 39. b4 Bb6 40. Rxb6+ axb6 41. Bb7 1-0

[Event "Buenos Aires CA"]
[Site "Buenos Aires"]
[Date "1972.??.??"]
[Round "10"]
[White "Agdamus, Jose Luis"]
[Black "Rubinetti, Jorge Alberto"]
[Result "0-1"]
[WhiteElo "2200"]
[BlackElo "2410"]
[PlyCount "102"]
[EventDate "1972.??.??"]
[Source "ChessBase"]

1. d4 Nf6 2. c4 g6 3. Nc3 d5 4. Nf3 Bg7 5. Qb3 dxc4 6. Qxc4 O-O 7. e4 c6 8. Qb3 e5 9. dxe5 Ng4 10. Be2 Qb6 11. O-O Re8 12. Bf4 Nd7 13. e6 fxe6 14. h3 Qxb3 15. axb3 e5 16. Bd2 Ngf6 17. Be3 a6 18. Nd2 b5 19. g4 Nf8 20. b4 Ne6 21. Nb3 Bf8 22. Nc5 Nd4 23. Bd1 a5 24. f4 axb4 25. Rxa8 Bxc5 26. fxe5 Nd7 27. Nb1 Nb6 28. Rb8 Nc4 29. Bf2 Nxb2 30. Nd2 Nxd1 31. Rxd1 Rf8 32. Kg2 b3 33. Bxd4 Bxd4 34. Nxb3 Bxe5 35. Rb6 Be6 36. Nc5 Bc4 37. Nd7 Rd8 38. Rxc6 Kg7 39. Rc5 Bc3 40. Rc7 Kh6 41. h4 Ra8 42. g5+ Kh5 43. Nf6+ Kxh4 44. Nxh7 Ra2+ 45. Kg1 Kg3 46. Rcd7 b4 47. Nf6 Bb5 48. Rd8 Rg2+ 49. Kh1 Rh2+ 50. Kg1 Rg2+ 51. Kh1 Rh2+ 0-1